000 01772nam0a2200325 4500
001 RU\NLR\bibl\864440
005 20260407093301.0
010 _a5-89514-619-8
_9100
021 _aRU
_b2005-61006
_92992
035 _a(NLR Aleph) 000853103
090 _a1492570
_c1492570
100 _a20051101d2005 |||y0rusy50 ca
101 0 _arus
102 _aRU
105 _aa z |||||
200 1 _aПроблемы и вопросы рыночных преобразований в России
_eмежвузовский сборник научных трудов
_fМ-во образования и науки Рос. Федерации, Федерал. агентство по образованию, гос. образоват. учреждение высш. проф. образования "Магнитог. гос. техн. ун-т им. Г.И. Носова"
_gпод ред. С.Г. Журавина
210 _aМагнитогорск
_cИЦ МГТУ
_d2005
215 _a222 с.
_cил.
_d21
320 _aБиблиогр. в конце ст. и в подстроч. примеч.
606 1 _aСтрахование
_jСборники
_yРоссийская Федерация
_92107223
_3RU\NLR\auth\661273832
606 1 _aРыночная экономика
_jСборники
_yРоссийская Федерация
_91744697
_3RU\NLR\auth\661076880
686 _aУ26(2)31я43
686 _aУ9(2)-17(2Р)я43
702 1 _aЖуравин
_bС. Г.
_4340
712 0 2 _4570
_aМагнитогорский государственный технический университет им. Г. И. Носова
_3RU\NLR\AUTH\8824143
_9322946
801 0 _aRU
_bNLR
_c20051101
_grcr
801 1 _aRU
_bNLR
_c20051101
942 _cBOOK
980 _aNB